|
|
|
|
| LEADER |
00000cam a2200000 a 4500 |
| 001 |
UCC8176 |
| 003 |
CL-VaPUC |
| 005 |
20210612001407.0 |
| 008 |
190607e20160000sp |||||||||||||||||spa|d |
| 020 |
|
|
|a 9788490859957
|
| 040 |
|
|
|c Pontificia Universidad Católica de Valparaíso
|
| 082 |
0 |
4 |
|a 346.4606
|b AGU
|2 21
|
| 100 |
0 |
|
|a Agudo Fernández, Enrique
|e author
|9 602824
|
| 245 |
1 |
0 |
|a Derecho penal de las personas jurídicas
|
| 250 |
|
|
|a 1a. ed
|
| 260 |
|
|
|a Madrid
|b Dykinson
|c 2016
|
| 300 |
|
|
|a 301 p
|
| 583 |
|
|
|a last modification
|c 20190607 12:44:00
|k Rodrigo Vera
|
| 650 |
|
7 |
|a PERSONA JURIDICA
|2 CL-VaPUC
|9 400648
|
| 650 |
|
0 |
|a Responsabilidad penal
|9 254899
|
| 700 |
|
|
|a Jaén Vallejo, Manuel
|e author
|9 602825
|
| 700 |
0 |
|
|a Perrino Pérez, Angel Luis
|e author
|9 602826
|
| 942 |
|
|
|c BK
|
| 945 |
|
|
|d 20190607 12:44:00
|a dcastane
|
| 999 |
|
|
|c 374550
|d 374548
|
| 952 |
|
|
|0 0
|1 0
|3 erb
|4 0
|6 346_460600000000000_AGU_2016
|7 0
|8 A
|9 493146
|a BIBDER
|b BIBDER
|i 5550998
|o 346.4606 AGU 2016
|p 5550998
|r 2023-01-25
|w 2019-11-24
|y BK
|z Catalogado en:20190607
|k DER
|